Tinh hoa quản trị của Drucker = The essential writing on management

Nguồn gốc và mục đích của tinh hoa quản trị mạng của Drueke. Quản trị như là một chức năng xã hội và một nghệ thuật phổ thông. Quy mô của quản trị, mục đích và mục tiêu của kinh doanh, thông tin cần thiết cho nhà quản lý....

Ful tanımlama

Kaydedildi:
Detaylı Bibliyografya
Yazar: Drucker, Peter F.
Materyal Türü: Kitap
Dil:Undetermined
Baskı/Yayın Bilgisi: Thành phố Hồ Chí Minh Trẻ 2008
Konular:
Etiketler: Etiketle
Etiket eklenmemiş, İlk siz ekleyin!
Thư viện lưu trữ: Trung tâm Học liệu Trường Đại học Cần Thơ
LEADER 00972nam a2200217Ia 4500
001 CTU_157462
008 210402s9999 xx 000 0 und d
020 |c 72000 
082 |a 658.4 
082 |b D794 
100 |a Drucker, Peter F. 
245 0 |a Tinh hoa quản trị của Drucker = 
245 4 |b The essential writing on management 
245 0 |c Peter F. Drucker ; Nguyễn Dương Hiếu dịch 
260 |a Thành phố Hồ Chí Minh 
260 |b Trẻ 
260 |c 2008 
520 |a Nguồn gốc và mục đích của tinh hoa quản trị mạng của Drueke. Quản trị như là một chức năng xã hội và một nghệ thuật phổ thông. Quy mô của quản trị, mục đích và mục tiêu của kinh doanh, thông tin cần thiết cho nhà quản lý. 
650 |a Executives,Quản trị 
904 |i Trọng Hiếu 
980 |a Trung tâm Học liệu Trường Đại học Cần Thơ